| 000 | 01133cam a22003015i 4500 | ||
|---|---|---|---|
| 999 |
_c28728 _d28699 |
||
| 001 | 009428747 | ||
| 003 | EG-ScBUE | ||
| 005 | 20200915150819.0 | ||
| 008 | 830425s1982 enk f b 000 0 eng d | ||
| 020 | _a0563165642 (pbk) | ||
| 040 |
_aUk _beng _erda _cUk _dEG-ScBUE |
||
| 043 | _ae-uk--- | ||
| 082 | 0 | 4 |
_a658.02207041 _bBAR _222 |
| 100 | 1 |
_aBarrow, Colin, _eauthor. |
|
| 245 | 1 | 4 |
_aThe small business guide : _bsources of information for new and small businesses / _cColin Barrow. |
| 264 | 1 |
_aLondon : _bBritish Broadcasting Corporation, _c1982. |
|
| 300 |
_a254 pages ; _c21 cm |
||
| 336 |
_atext _btxt _2rdacontent |
||
| 337 |
_aunmediated _bn _2rdamedia |
||
| 338 |
_avolume _bnc _2rdacarrier |
||
| 500 | _a"First published in conjunction with the BBC Television series Business Club” _ t.p. verso. | ||
| 504 | _aIncludes bibliographical references. | ||
| 650 | 7 |
_aSmall business _zGreat Britain _xManagement _xInformation services. _2BUEsh |
|
| 650 | 7 |
_aSmall business _zGreat Britain _xManagement _xBibliography. _2BUEsh |
|
| 653 |
_bBUSADM _cSeptember2020 |
||
| 710 | 2 | _aBritish Broadcasting Corporation. | |
| 942 |
_2ddc _cBB |
||